000 00469cam a2200181ua 4500
020 _a81-7029-397-9
_c120.00
041 _aeng
_h
082 _a006.6
_bCOR/CO
100 _aCorrigan, John .
245 _aComputer graphics: Secrets & Solutions /
_cJohn Corrigan.
_hTextual Documents
250 _a1 /
_b.
260 _aNew Delhi :
_bB P B Publishers ,
_c1994.
300 _a338 ; .
365 _a120.00
504 _a
942 _cBK
999 _c7379
_d7379